पागल / (Record no. 12415)
[ view plain ]
| 000 -LEADER | |
|---|---|
| fixed length control field | 01197 a2200217 4500 |
| 008 - FIXED-LENGTH DATA ELEMENTS--GENERAL INFORMATION | |
| fixed length control field | 090530t xxu||||| |||| 00| 0 hin d |
| 010 ## - LCCN (DPL NO) | |
| LC control number | B-297208-215 |
| 020 ## - INTERNATIONAL STANDARD BOOK NUMBER | |
| International Standard Book Number | 8190157213 |
| Terms of availability | 125.00 |
| 035 ## - SYSTEM CONTROL NUMBER | |
| System control number | B-297208-215, B-039041 |
| 037 ## - SOURCE OF ACQUISITION | |
| Source of stock number/acquisition | जनशिक्षण संस्थान |
| 040 ## - CATALOGING SOURCE | |
| Original cataloging agency | dpl |
| Language of cataloging | HIN |
| 082 ## - DEWEY DECIMAL CLASSIFICATION NUMBER | |
| Classification number | क |
| 100 ## - MAIN ENTRY--PERSONAL NAME | |
| Personal name | हेमिंग्वे, अर्नेस्ट |
| 245 ## - TITLE STATEMENT | |
| Title | पागल / |
| Statement of responsibility, etc | अर्नेस्ट हेमिंग्वे; बुद्धिकुमार मिश्र द्वारा अनुदित |
| 260 ## - PUBLICATION, DISTRIBUTION, ETC. (IMPRINT) | |
| Place of publication, distribution, etc | दिल्ली |
| Name of publisher, distributor, etc | जनशिक्षण संस्थान |
| Date of publication, distribution, etc | 2007 |
| 270 ## - ADDRESS | |
| Address | 30/35,शॉप नं.1, गली नं.9 विश्वास नगर, शाहदरा |
| City | दिल्ली |
| Postal code | 110032 |
| 300 ## - PHYSICAL DESCRIPTION | |
| Extent | 88पृ |
| Dimensions | 22 सेमी (सजिल्द) |
| 700 ## - ADDED ENTRY--PERSONAL NAME | |
| Personal name | मिश्र, बुद्धिकुमार |
| 942 ## - ADDED ENTRY ELEMENTS (KOHA) | |
| Institution code [OBSOLETE] | dpl |
| Item type | Hindi Books |
| Call number prefix | / हेमिंग्वे |
| Source of classification or shelving scheme | Dewey Decimal Classification |
| Classification part | क |
| Call number suffix | हेमिंग्वे |
| Withdrawn status | Lost status | Source of classification or shelving scheme | Damaged status | Not for loan | Collection code | Home library | Current library | Date acquired | Source of acquisition | Cost, normal purchase price | Total Checkouts | Full call number | Barcode | Date last seen | Copy number | Cost, replacement price | Koha item type | Total Renewals |
|---|---|---|---|---|---|---|---|---|---|---|---|---|---|---|---|---|---|---|
| Dewey Decimal Classification | Fiction | Central Library | Central Library | 30/05/2009 | जनशिक्षण संस्थान/205/22.9.08/278/4.9.08 | 125.00 | क हेमिंग्वे | B-297208 | 30/05/2009 | 1 | 125.00 | Hindi Books | ||||||
| Dewey Decimal Classification | Fiction | Karol Bagh | Karol Bagh | 30/05/2009 | जनशिक्षण संस्थान/205/22.9.08/278/4.9.08 | 125.00 | क हेमिंग्वे | B-297214 | 30/05/2009 | 1 | 125.00 | Hindi Books | ||||||
| Dewey Decimal Classification | Fiction | Mobile Library | Mobile Library | 30/05/2009 | जनशिक्षण संस्थान/205/22.9.08/278/4.9.08 | 125.00 | क हेमिंग्वे | B-297209 | 30/05/2009 | 2 | 125.00 | Hindi Books | ||||||
| Dewey Decimal Classification | Fiction | Mobile Library | Mobile Library | 30/05/2009 | जनशिक्षण संस्थान/205/22.9.08/278/4.9.08 | 125.00 | क हेमिंग्वे | B-297210 | 30/05/2009 | 2 | 125.00 | Hindi Books | ||||||
| Dewey Decimal Classification | Fiction | New Police Line | New Police Line | 30/05/2009 | जनशिक्षण संस्थान/205/22.9.08/278/4.9.08 | 125.00 | क हेमिंग्वे | B-297211 | 30/05/2009 | 1 | 125.00 | Hindi Books | ||||||
| Dewey Decimal Classification | Fiction | Patel Nagar | Patel Nagar | 30/05/2009 | जनशिक्षण संस्थान/205/22.9.08/278/4.9.08 | 125.00 | क हेमिंग्वे | B-297212 | 30/05/2009 | 1 | 125.00 | Hindi Books | ||||||
| Dewey Decimal Classification | Fiction | Sarojini Nagar | Sarojini Nagar | 30/05/2009 | जनशिक्षण संस्थान/205/22.9.08/278/4.9.08 | 125.00 | 2 | क हेमिंग्वे | B-297213 | 18/12/2019 | 1 | 125.00 | Hindi Books | 2 | ||||
| Dewey Decimal Classification | Fiction | Shahdara Branch | Shahdara Branch | 30/05/2009 | जनशिक्षण संस्थान/205/22.9.08/278/4.9.08 | 125.00 | क हेमिंग्वे | B-297215 | 30/05/2009 | 1 | 125.00 | Hindi Books | ||||||
| Dewey Decimal Classification | Fiction | Shahdara Branch | Shahdara Branch | 28/06/2018 | BPPD/PUB | 100.00 | क हेमिंग्वे | B-039041 | 28/06/2018 | 100.00 | Hindi Books |
